Participants de LOL qui rit sort (saison 5) par images - Statistiques

Statistiques générales
  • Ce quiz a été pris 44 fois
  • Le résultat moyen est 6 sur 11
Statistiques - réponses
Par images Réponse % Correct
Artus
88%
Muriel Robin
83%
Philippe Lacheau
68%
Cédric Doumbé
60%
Fred Testot
53%
Jérôme Niel
53%
Vincent Dedienne
48%
Camille Chamoux
28%
Marina Rollman
28%
Alexandre Kominek
25%
Fatou Guinea
20%
Aucun quiz correspondant
Distribution des résultats
% des personnes avec chaque résultat
Percentile par nombre de réponses
Votre historique - résultats
Vous n’avez pas pris ce quiz